Zwycięzcy konkursów Pucharu Świata 2017/18 w skokach narciarskich - Statystyki

Ogólne statystyki
  • Ten quiz został rozwiązany 42 razy
  • Średni wynik to 20 z 22
Statystyki odpowiedzi
Data Miejscowość Skocznia Narodowość Zwycięzca % Poprawnych
30.12.2017 Oberstdorf duża Polska Kamil Stoch
100%
1.01.2018 Garmisch-Partenkirchen duża Polska Kamil Stoch
100%
4.01.2018 Innsbruck duża Polska Kamil Stoch
100%
6.01.2018 Bischofshofen duża Polska Kamil Stoch
100%
4.03.2018 Lahti duża Polska Kamil Stoch
100%
13.03.2018 Lillehammer duża Polska Kamil Stoch
100%
15.03.2018 Trondheim duża Polska Kamil Stoch
100%
23.03.2018 Planica mamucia Polska Kamil Stoch
100%
25.03.2018 Planica mamucia Polska Kamil Stoch
100%
3.02.2018 Willingen duża Norwegia Daniel-André Tande
97%
11.03.2018 Oslo duża Norwegia Daniel-André Tande
97%
19.11.2017 Wisła duża Japonia Junshirō Kobayashi
97%
18.03.2018 Vikersund mamucia Norwegia Robert Johansson
92%
3.12.2017 Niżny Tagił duża Niemcy Andreas Wellinger
89%
4.02.2018 Willingen duża Norwegia Johann André Forfang
89%
2.12.2017 Niżny Tagił duża Niemcy Richard Freitag
87%
10.12.2017 Titisee-Neustadt duża Niemcy Richard Freitag
87%
17.12.2017 Engelberg duża Niemcy Richard Freitag
87%
26.11.2017 Ruka duża Słowenia Jernej Damjan
66%
16.12.2017 Engelberg duża Norwegia Anders Fannemel
55%
28.01.2018 Zakopane duża Słowenia Anže Semenič
55%
13.01.2018 Tauplitz mamucia Norwegia Andreas Stjernen
50%
Nie znaleziono quizów pasujących do podanych kryteriów
Rozkład punktacji
Procent ludzi z każdym wynikiem
Percentyl według liczby udzielonych odpowiedzi
Twoja historia wyników
Nie rozwiązałeś tego quizu